00491 2200205 4500001002100000005001700021035002400038040001200062082000800074084001600082100001800098245003300116260004200149300002100191650001000212850001200222990001700234990001700251990001700268YOGYA00000000003060320170214154405.0 0010-081400000030321 aYOPDYOG a813 aK 813 Bly B aBlyton , Enid aBermain Api /cBlyton , Enid aJakartabGramedia Pustaka Utamac2001 a141 hlm.c20 cm. aFiksi aYOPDYOG a1102-PN/P.01 a1103-PN/P.01 a1104-PN/P.01